Camino a las estrellas.

محفوظ في:
التفاصيل البيبلوغرافية
المؤلف الرئيسي: Artigas de Sierra, Ione M. (autor)
مؤلفون آخرون: Manacorda de Rosetti, Mabel V. (autor) (autor)
التنسيق: كتاب
اللغة:الإسبانية
سلاسل:(Iniciación literaria)
الموضوعات:
الوسوم: إضافة وسم
لا توجد وسوم, كن أول من يضع وسما على هذه التسجيلة!

MARC

LEADER 00000nam^a2200000^u^4500
001 000510572
005 20250521000000.0
008 100118s1000^^^^^^^^^^^^r^^^^^000^0^spa^d
009 20260310130128.748
035 |a FCE 000054782 
037 |a Acervo ITESO - Biblioteca 
041 |a spa 
082 0 4 |a 372.46  |b ART-6 cam 
100 |a Artigas de Sierra, Ione M.  |e (autor) 
245 1 0 |a Camino a las estrellas. 
264 |a Argentina:  |b Editorial Troquel,  |c 1971. 
300 |a 18 p. 
336 |a texto  |b txt  |2 rdacontenido 
337 |a sin mediación  |b n  |2 rdamedio 
338 |a volumen  |b nc  |2 rdasoporte 
440 1 |a (Iniciación literaria) 
649 |a XX 
650 |a Poesía 
650 |a Iniciación a la lectura 
650 |a Actividades de aprendizaje 
700 |a Manacorda de Rosetti, Mabel V.  |e (autor) 
910 |a Fondo Centro de Estudios Educativos 
920 |a Impresos - Libros 
930 |a Fondos Especiales 
905 |a 133 
901 |a ALE068004  |b IT2  |c CEE  |u 20250521 
902 |a https://opac.biblio.iteso.mx/vufind/Record/000510572